000 00761nam a22002177a 4500
999 _c2246
_d2246
003 AR-CdUCM
008 190304b ||||| |||| 00| 0 spa d
040 _aMUNICIPALIDAD PROVINCIAL DEL CUSCO
_cBIBLIOTECA MUNICIPAL DEL CUSCO
082 _a869.960 /
_bG91
100 _aGuillen, Nicolas
_98092
245 _aTengo /
260 _aLa Habana :
_bEditora del consejo nacional de Universidades Universidad central de las Villas,
_c1964
300 _a197 páginas
_c20 cm.
440 _aTengo
_98093
505 _aBonsal -- Tengo -- Crecen altas las flores -- Frente al oxford -- Allá lejos -- Unión soviética...
650 _aPoesía.
_9139
650 _aRevolución Cubana.
_98094
650 _aPueblo cubano.
_98095
942 _2ddc
_cLIBROS
945 _adavv